000 00437nam a2200181Ia 4500
001 24657
005 20260414151058.0
008 260414t2011||||xx |||||||||||||| ||spa||
041 _aESP
082 _a345.721
_bL13
100 _aLacruz Mantecón, Miguel L.
_eAUT
245 0 _aLa impugnación del arbitraje
_b
260 _c2011
300 _a279 páginas :
_c21cm.
650 _aDER
654 _aCDE
942 _cLIB
_dJUS
_fJUS
_2ddc
_n
999 _c24657
_d24657